NLSUI OPAC header image

Multinational enterprises : Financial and monetary aspects (Record no. 9474)

MARC details
000 -LEADER
fixed length control field 00436nam a2200157Ia 4500
008 - FIXED-LENGTH DATA ELEMENTS--GENERAL INFORMATION
fixed length control field 160316s1974 xxu||||| |||| 00| 0 eng d
082 ## - DEWEY DECIMAL CLASSIFICATION NUMBER
Classification number 346.066000
Item number WIL
100 ## - MAIN ENTRY--PERSONAL NAME
Personal name Wilson J S G
245 ## - TITLE STATEMENT
Title Multinational enterprises : Financial and monetary aspects
250 ## - EDITION STATEMENT
Edition statement
260 ## - PUBLICATION, DISTRIBUTION, ETC.
Place of publication, distribution, etc. Leiden
Name of publisher, distributor, etc. A W Sijthoff
Date of publication, distribution, etc. 1974
300 ## - PHYSICAL DESCRIPTION
Extent 241
Other physical details
Dimensions xi
365 ## - TRADE PRICE
Price amount
650 ## - SUBJECT ADDED ENTRY--TOPICAL TERM
Topical term or geographic name entry element 1.Corporate Law - Multinational Companies
700 ## - ADDED ENTRY--PERSONAL NAME
Personal name Scheffer C F
--
Holdings
Withdrawn status Lost status Damaged status Not for loan Home library Current library Shelving location Date acquired Cost, normal purchase price Total Checkouts Full call number Barcode Date last seen Price effective from Koha item type
        . . Library Compactors 30.05.2017 183.40   346.066 WIL 9747 30.05.2017 30.05.2017 BOOKs